000 00959nac a22002537a 4500
001 BR8104250
003 BR-BrBNA
005 20240105115027.0
008 230509b bl.|||m| |||| 00| 0 por d
040 _aBR-BrBNA
_bpor
_cBiblioteca Nacional de Agricultura
072 _aL70; L00
090 _aL70 BR8104250
110 1 _aUniversidade de Sao Paulo, Sao Paulo (Brasil). Faculdade de Medicina Veterinaria e Zootecnia;
110 1 _aEmpresa Brasileira de Pesquisa Agropecuaria, Brasilia, DF. Depto. de Informacao e Documentacao
_93872
245 1 _aBibliografia brasileira de medicina veterinaria e zootecnia 1980-1981
260 3 _aSao Paulo, SP (Brasil):
_c1981.
300 _a98 p.
490 _aBibliografia Brasileira de Medicina Veterinaria e Zootecnia (Brazil)
_vv. 4(1)
_xISSN 0100-610X
650 _aVETERINARIA
650 _aZOOTECNIA
650 _aBIBLIOGRAFIA
909 _a202312
_bLúcia Elande
_c55
_dLúcia Elande
942 _2AGRIS
_n0
_cMS
999 _c272637
_d272637